| 000 | 00596nam a2200229Ia 4500 | ||
|---|---|---|---|
| 003 | OSt | ||
| 005 | 20220923230403.0 | ||
| 006 | a|||||r|||| 00| 0 | ||
| 007 | ta | ||
| 008 | Pun | ||
| 024 | _a280,115 | ||
| 037 | _cTextual | ||
| 040 |
_aARTS _cARTS _bPun |
||
| 041 |
_2Pun _aPun |
||
| 082 | _aO153,2N27,RK, L9 | ||
| 100 | _aਘੰੁਮਣ, ਕਪੂਰ ਸਿੰਘ | ||
| 245 | 0 | _aਰਾਣੀ ਕੋਕਲਾਂ | |
| 260 | _c1979 | ||
| 300 |
_a80ਪੰ _ccm. |
||
| 942 |
_hO153,2N27,RK, L9 _cTEXL _2CC |
||
| 999 |
_c384455 _d384455 |
||